| 000 | 00537nam a2200169Ia 4500 | ||
|---|---|---|---|
| 003 | LK-CoDNM | ||
| 008 | 010623t1998 xxu||||| |||| 00| 1 sin d | ||
| 040 |
_aLK-CoDNM _dLK-CoDNM _eLK-CoDNM |
||
| 041 | _asin | ||
| 080 | _aX 398 KOT | ||
| 100 | _aKottagoda,Jayasena | ||
| 245 | _aකළු කුමාරයා පුද ලබන දාරක වත් පිළිවෙත් | ||
| 246 | _aKalu Kumaraya Puda Labana Daraka Wath Piliweth | ||
| 260 |
_bJ.K.Publications _aBoralasgamuwa _c1998 |
||
| 300 | _b151p, 21 cm | ||
| 942 | _cBK | ||
| 999 |
_c118815 _d118815 |
||